Statistics for Palau First Level Subdivisions

Click here to take the quiz!

General Stats

  • This quiz has been taken 121 times
  • The average score is 6 of 16

Answer Stats

States% Correct
Melekeok
68%
Koror
58%
Sonsorol
47%
Aimeliik
42%
Airai
42%
Ngaraard
42%
Ngchesar
42%
Kayangel
37%
Ngarchelong
37%
Ngardmau
37%
Ngatpang
37%
Ngeremlengui
37%
Ngiwal
37%
Peleliu
37%
Hatohobei
32%
Angaul
16%

Score Distribution

Percentile by Number Answered

Percent of People with Each Score

Your Score History

You have not taken this quiz